| 000 | 00501nam a22001937a 4500 | ||
|---|---|---|---|
| 003 | MPLRDC | ||
| 005 | 20220104142725.0 | ||
| 008 | 210129b ||||| |||| 00| 0 eng d | ||
| 020 | _a978-986-175-332-4 | ||
| 082 | _a175.9 PLAL | ||
| 100 | _a平良爱绫 | ||
| 245 |
_a阿罗哈!ALOHA _c龚婉如 译 |
||
| 250 | _a初版 | ||
| 260 |
_a台湾 _b方智出版社股份有限公司 _c2013 |
||
| 300 | _b185 | ||
| 490 | _a新时代系列: 167 | ||
| 650 | _a超心理学 | ||
| 942 |
_cBK _o175.9 PLAL |
||
| 999 |
_c33194 _d33184 |
||